| 000 | 00701am a2200277a 44500 | ||
|---|---|---|---|
| 003 | AR-BaBNM | ||
| 005 | 20251128211006.0 | ||
| 008 | 020530s2001 Esp|||||||||||000 | esp|| | ||
| 020 | _a84-249-2532-7 | ||
| 040 | _cAR-BaBNM | ||
| 100 | 1 | _aPropercio, Sexto Aurelio | |
| 245 | 1 | 0 | _aElegías |
| 260 |
_aMadrid _bGredos _c2001 |
||
| 300 | _axxxii; 189 p. | ||
| 490 | 0 |
_aBiblioteca básica Gredos _vv. 65 |
|
| 650 | 4 | _aMITOLOGIA | |
| 650 | 4 | _aLITERATURA LATINA | |
| 650 | 4 | _aPOESIA | |
| 651 | 4 | _aRoma | |
| 653 | _aPOESIA ELEGIACA | ||
| 653 | _aALEJANDRINISMO | ||
| 655 | _aLITERATURA | ||
| 700 | 1 |
_aRamírez de Verger, Antonio _etraductor y prologuista |
|
| 942 | _cBK | ||
| 998 | _cmartín | ||
| 999 |
_c17792 _d17792 |
||